Online
Catalog

El líder de cerca. Danilo Medina Sánchez : (Record no. 46926)

MARC details
000 -CABECERA
campo de control de longitud fija 01075nam a2200253 a 4500
001 - NÚMERO DE CONTROL
campo de control 000047438
005 - FECHA Y HORA DE LA ÚLTIMA TRANSACCIÓN
campo de control 20250621074009.0
008 - DATOS DE LONGITUD FIJA--INFORMACIÓN GENERAL
campo de control de longitud fija 180529s2016 dr 000 0 spa d
020 ## - NÚMERO INTERNACIONAL ESTÁNDAR DEL LIBRO
Número Internacional Estándar del Libro 9789993467977
040 ## - FUENTE DE LA CATALOGACIÓN
Centro catalogador/agencia de origen DO-SdBNP
Lengua de catalogación spa
Centro/agencia transcriptor BNPHU
082 ## - NÚMERO DE LA CLASIFICACIÓN DECIMAL DEWEY
Número de clasificación 324.22097293
Número de documento/Ítem C965L
100 1# - ENTRADA PRINCIPAL--NOMBRE DE PERSONA
Nombre de persona Cuello, Zoraima
9 (RLIN) 75072
245 13 - MENCIÓN DE TÍTULO
Título El líder de cerca. Danilo Medina Sánchez :
Resto del título competencias, características y habilidades /
Mención de responsabilidad, etc. Zoraima Cuello.
260 ## - PUBLICACIÓN, DISTRIBUCIÓN, ETC.
Lugar de publicación, distribución, etc. Santo Domingo :
Nombre del editor, distribuidor, etc. Amigo del Hogar,
Fecha de publicación, distribución, etc. 2016.
300 ## - DESCRIPCIÓN FÍSICA
Extensión 258 p. :
Otras características físicas il, retr. ;
Dimensiones 23 cm.
504 ## - NOTA DE BIBLIOGRAFÍA, ETC.
Nota de bibliografía, etc. Bibliografía : p. 255-258
505 0# - NOTA DE CONTENIDO CON FORMATO
Nota de contenido con formato Primera parte :
Título Logro y acción --
Información miscelánea Segunda parte :
Título Ayuda y servicio --
Información miscelánea Tercera parte :
Título Influencia --
Información miscelánea Cuarta parte :
Título Gerencia --
Información miscelánea Quinta parte :
Título Visión --
Información miscelánea Sexta parte :
Título Eficiencia personal --
590 ## - NOTA LOCAL (RLIN)
Nota local Inventariado 2018/VM
600 #0 - PUNTO DE ACCESO ADICIONAL DE MATERIA--NOMBRE DE PERSONA
Nombre de persona Medina, Danilo
9 (RLIN) 9559
650 #4 - PUNTO DE ACCESO ADICIONAL DE MATERIA--TÉRMINO DE MATERIA
Término de materia o nombre geográfico como elemento de entrada Liderazgo político
9 (RLIN) 678
650 #4 - PUNTO DE ACCESO ADICIONAL DE MATERIA--TÉRMINO DE MATERIA
Término de materia o nombre geográfico como elemento de entrada Presidentes
Subdivisión geográfica República Dominicana
9 (RLIN) 599
651 #0 - PUNTO DE ACCESO ADICIONAL DE MATERIA--NOMBRE GEOGRÁFICO
Nombre geográfico República Dominicana
Subdivisión general Política y gobierno
9 (RLIN) 45
910 ## - DATOS DE OPCIÓN DEL USUARIO (OCLC)
Datos de opción del usuario Validado. Control de calidad MFF
Holdings
Estado de retiro Estado de pérdida No para préstamo Código de colección Localización permanente Ubicación/localización actual Ubicación en estantería Fecha de adquisición Número de inventario Total de préstamos Signatura topográfica completa Código de barras Fecha visto por última vez Precio válido a partir de Tipo de ítem Koha
    Excluido de préstamo Patrimonio Dominicano General General Depósito 29.05.2018 LF1   324.22097293 C965L 47438-30 25.06.2020 25.06.2020 Libro y Folleto Colección Patrimonio Dominicano
    Excluido de préstamo Patrimonio Dominicano Patrimonio Dominicano Patrimonio Dominicano Depósito 29.05.2018 LF1   324.22097293 C965L 47438-10 25.06.2020 25.06.2020 Libro y Folleto Colección Patrimonio Dominicano
    Excluido de préstamo Patrimonio Dominicano Patrimonio Dominicano Patrimonio Dominicano Depósito 29.05.2018 LF1   324.22097293 C965L 47438-20 25.06.2020 25.06.2020 Libro y Folleto Colección Patrimonio Dominicano

Powered by Koha